| 000 | 01124nam a2200289 c 4500 | ||
|---|---|---|---|
| 999 |
_c57356 _d57356 |
||
| 003 | BLK | ||
| 005 | 20221124085943.0 | ||
| 008 | 180408b bul|||||r ||||||| ||bul|| | ||
| 010 | _aKNG00061357000 | ||
| 040 | _aBLK | ||
| 041 |
_aBUL _cBUL |
||
| 080 |
_aСпорт. Физическа култура _b796/799 _x(497.2)(091) _z796/799(497.2)(091) |
||
| 100 | 1 |
_aПетрова, Наталия Владимирова _eпърви автор _9287563 |
|
| 139 |
_aПетрова, Наталия Владимирова _bП 47 |
||
| 245 | 1 | 0 |
_a[Сто]100 години обществени физкултурни организации в България _bИст. очерк _cНаталия Владимирова Петрова. |
| 257 | _aBGR | ||
| 260 |
_bМедицина и физкултура _c1978 _aСофия |
||
| 300 |
_a176 с. _c20 см |
||
| 380 | _a79 | ||
| 500 | _aБиблиогр. под линия. | ||
| 650 | 4 |
_aФизкултура _9175402 |
|
| 852 | _aЦб 96095 | ||
| 856 | 4 |
_qpdf _i0.00 _ldisable |
|
| 856 | 4 |
_qpdf _i0.00 _ldisable |
|
| 942 |
_cKNG _n0 _s1 |
||
| 944 |
_aCR _c13.06.2004 _kЧиталня |
||
| 944 |
_aED _c10.09.2015 _kВаля_Йорданова |
||
| 999 | _d57356 | ||